UM Logo

Introduction to linguistics / (Record no. 18694)

MARC details
000 -LEADER
fixed length control field 00584nam a22001697a 4500
008 - FIXED-LENGTH DATA ELEMENTS--GENERAL INFORMATION
fixed length control field 240118b ||||| |||| 00| 0 eng d
020 ## - INTERNATIONAL STANDARD BOOK NUMBER
International Standard Book Number 9786214510061
082 ## - DEWEY DECIMAL CLASSIFICATION NUMBER
Edition number 2021
Classification number DFil 410
Item number G589
100 ## - MAIN ENTRY--PERSONAL NAME
Personal name Gonzales, Jennifer B.
9 (RLIN) 45959
245 ## - TITLE STATEMENT
Title Introduction to linguistics /
Statement of responsibility, etc. Jennifer B. Gonzales and Jeromil O. Enoc.
260 ## - PUBLICATION, DISTRIBUTION, ETC. (IMPRINT)
Place of publication, distribution, etc. Quezon City :
Name of publisher, distributor, etc. Lorimar publishing , Inc.,
Date of publication, distribution, etc. ©2021.
300 ## - PHYSICAL DESCRIPTION
Extent xvi, 212 pages :
Other physical details illustrations ;
Dimensions 25 cm.
500 ## - GENERAL NOTE
General note Includes references.
650 ## - SUBJECT ADDED ENTRY--TOPICAL TERM
Topical term or geographic name as entry element Linguistics.
9 (RLIN) 51197
700 ## - ADDED ENTRY--PERSONAL NAME
Personal name Enoc, Jeromil O.
Relator term author.
9 (RLIN) 50725
942 ## - ADDED ENTRY ELEMENTS (KOHA)
Source of classification or shelving scheme Dewey Decimal Classification
Koha item type Filipiniana
Holdings
Withdrawn status Lost status Source of classification or shelving scheme Damaged status Not for loan Collection code Home library Current library Shelving location Date acquired Source of acquisition Cost, normal purchase price Total Checkouts Full call number Barcode Date last seen Date last checked out Price effective from Koha item type
    Dewey Decimal Classification     Filipiniana UM Digos College - LIC UM Digos College - LIC Book Cart 08/08/2023 Purchased 780.00 9 DFil 410 G589 2021 27492 03/02/2026 08/30/2025 01/18/2024 Filipiniana